Statistics for China Immigration by Country

Click here to take the quiz!

General Stats

  • This quiz has been taken 1,370 times
  • The average score is 14 of 18

Answer Stats

# PeopleCountry of Origin% Correct
6,975Japan
98%
190,888South Korea
97%
27,365United States
97%
9,164India
95%
3,026Russia
94%
9,308United Kingdom
92%
28,712Vietnam
92%
40,608Indonesia
90%
15,525Thailand
87%
5,341Australia
82%
8,818Canada
82%
6,264Malaysia
81%
4,500Pakistan
80%
74,674Philippines
78%
75,920Brazil
66%
4,106Bangladesh
65%
5,554Sri Lanka
39%
13,779Peru
26%

Score Distribution

Percentile by Number Answered

Percent of People with Each Score

Your Score History

You have not taken this quiz